Album de las pinturas que representan al nacimiento, vida, milagros, santidad y último trance de nuestro serafico Padre San Francisco, ejecutado hace tres siglos para la orden Franciscana de Santiago de Chile y en cuyo convento de hallan

保存先:
書誌詳細
フォーマット: 図書
言語:スペイン語
英語
ドイツ語
出版事項: Zurich Moulinette 1971
主題:
タグ: タグ追加
タグなし, このレコードへの初めてのタグを付けませんか!

MARC

LEADER 00000nam a2200000 a 4500
001 UCY1492
003 CL-VaPUC
008 940905e19710000SZ |||||||||||||||||spa|d
041 0 7 |a spa  |2 CL-VaPUC 
041 0 7 |a eng  |2 CL-VaPUC 
041 0 7 |a ger  |2 CL-VaPUC 
082 0 4 |a 708.983  |b ALB  |2 21 
245 1 0 |a Album de las pinturas que representan al nacimiento, vida, milagros, santidad y último trance de nuestro serafico Padre San Francisco, ejecutado hace tres siglos para la orden Franciscana de Santiago de Chile y en cuyo convento de hallan 
300 |a 48 p 
942 |c BK 
945 |d 19940905 00:00:00  |a oaravena 
260 |a Zurich  |b Moulinette  |c 1971 
500 |a Incluye reproducción de los cuadros de la vida de San Francisco 
600 0 |a Francisco de Asís, Santo  |9 329499 
650 0 |a Arte  |9 265238 
583 |a last modification  |c 20150625 09:57:55  |k Rodrigo Vera 
999 |c 230183  |d 230181 
952 |0 0  |1 0  |4 0  |6 708_983000000000000_ALB_1971  |7 0  |8 P  |9 232227  |a BIBARQ  |b BIBARQ  |d 2019-11-15  |i 3009769  |o 708.983 ALB 1971  |p 3009769  |r 2025-01-20  |w 2019-11-15  |y BK  |k ARQ